| 000 | 00897cam a2200277 i 4500 | ||
|---|---|---|---|
| 001 | 000035737 | ||
| 003 | DO-SdBNP | ||
| 005 | 20230505132920.0 | ||
| 007 | ta | ||
| 008 | 830825k19601950sp 000 f spa d | ||
| 040 |
_aDO-SdBNP _bspa _cBNPHU _erda |
||
| 082 | 4 |
_bC419d 1960 _222 |
|
| 100 | 1 |
_aFernández de Avellaneda, Alonso _942145 |
|
| 245 | 1 | 3 |
_aEl Quijote / _cAlonso Fernández de Avellaneda. |
| 250 | _a3a ed | ||
| 264 |
_aMadrid : _bAguilar, _c1960. |
||
| 300 |
_avolumen ; _c19 cm. |
||
| 336 |
_2rdacontent _atexto _btxt |
||
| 337 |
_2rdamedia _asin medición _bn |
||
| 338 |
_2rdacarrier _avolumen _bnc |
||
| 490 | 0 |
_aCrisol _v28 |
|
| 500 | _aLa biblioteca posee los volúmenes 2 | ||
| 500 | _aSegundo tomo del ingenioso hidalgo don quijote de la mancha, que contiene su tercera salida y es la quinta parte de sus aventuras | ||
| 590 | _aInventariado, 2023/BT | ||
| 942 |
_2ddc _cLBS1 |
||
| 999 |
_c35228 _d35228 |
||